[Event "Nopean shakin SM 2020"]
[Site "?"]
[Date "2020.08.22"]
[Round "5"]
[White "Heinola, Vesa-Pekka"]
[Black "Kiltti, Jyrki"]
[Result "0-1"]
[WhiteElo "2294"]
[BlackElo "2324"]
[PlyCount "128"]
[EventDate "2020.??.??"]
[SourceDate "2021.11.06"]
[SourceVersionDate "2021.11.06"]

1. d4 d6 2. e4 g6 3. c4 Bg7 4. Nc3 e5 5. Nge2 Ne7 6. Be3 O-O 7. Qd2 exd4 8.
Nxd4 Nbc6 9. Be2 Nxd4 10. Bxd4 Bxd4 11. Qxd4 Nc6 12. Qd2 f5 13. exf5 Bxf5 14.
O-O Qf6 15. Rad1 Rae8 16. Nd5 Qg7 17. Ne3 Be6 18. f4 Rf7 19. b3 Ref8 20. Nd5
Bxd5 21. cxd5 Ne7 22. Bg4 Nf5 23. Rfe1 Re7 24. Re6 Rxe6 25. dxe6 Qe7 26. Re1
Rf6 27. Bxf5 Rxf5 28. Qe3 c5 29. Qf3 h5 30. Qg3 Kg7 31. Qc3+ Rf6 32. g3 d5 33.
Qe5 d4 34. Qe4 b6 35. h3 d3 36. Qxd3 Rxe6 37. Qc3+ Kh7 38. Re5 Qd7 39. Qe3 Qd1+
40. Kg2 Qc2+ 41. Kf3 Qd1+ 42. Qe2 Qh1+ 43. Kf2 Qh2+ 44. Kf3 Qh1+ 45. Kf2 Rd6
46. Rxh5+ gxh5 47. Qxh5+ Kg7 48. Qe5+ Rf6 49. Qe7+ Kg6 50. Qe8+ Rf7 51. Qe6+
Kg7 52. Qe5+ Kf8 53. Qd6+ Re7 54. Qh6+ Ke8 55. Qh5+ Kd8 56. Qh8+ Kc7 57. Qc3
Qh2+ 58. Kf1 Qxh3+ 59. Kf2 Qg4 60. Qd3 Qe6 61. Kf3 Rd7 62. Qa6 Qc6+ 63. Kg4
Rg7+ 64. Kh3 Qh1# 0-1

[Event "Nopean shakin SM 2020"]
[Site "?"]
[Date "2020.08.22"]
[Round "5"]
[White "Vihinen, Teemu"]
[Black "Kiili, Markus"]
[Result "1-0"]
[WhiteElo "2169"]
[BlackElo "2161"]
[PlyCount "95"]
[EventDate "2020.??.??"]
[SourceDate "2021.11.06"]
[SourceVersionDate "2021.11.06"]

1. e4 c5 2. c3 d5 3. exd5 Qxd5 4. d4 Nc6 5. Nf3 Bg4 6. dxc5 Qxd1+ 7. Kxd1 e5 8.
b4 a5 9. Bb5 e4 10. h3 O-O-O+ 11. Ke1 exf3 12. hxg4 fxg2 13. Rg1 axb4 14. Bxc6
bxc6 15. cxb4 Rd4 16. a3 Rxg4 17. f3 Rg6 18. Kf2 Be7 19. Rxg2 Rxg2+ 20. Kxg2
Bf6 21. Ra2 Ne7 22. Bb2 Bxb2 23. Rxb2 Nd5 24. Kf2 h5 25. Nd2 Kc7 26. Ne4 f6 27.
Rd2 Ra8 28. Rd3 Nf4 29. Rb3 h4 30. Ke3 Ne6 31. Nf2 Re8 32. Kd2 Nf4 33. Re3 Rd8+
34. Kc2 Nd5 35. Rb3 Re8 36. Kd2 g5 37. a4 Ra8 38. b5 Rxa4 39. b6+ Kb7 40. Ne4
h3 41. Nd6+ Kb8 42. Rb1 h2 43. Rh1 Ra2+ 44. Kd3 Nf4+ 45. Kc4 Rg2 46. b7 Rc2+
47. Kb3 Re2 48. Ra1 1-0

[Event "Nopean shakin SM 2020"]
[Site "?"]
[Date "2020.08.22"]
[Round "5"]
[White "Keinanen, Toivo"]
[Black "Kumpulainen, Kalle"]
[Result "1-0"]
[WhiteElo "2512"]
[BlackElo "2052"]
[PlyCount "131"]
[EventDate "2020.??.??"]
[SourceDate "2021.11.06"]
[SourceVersionDate "2021.11.06"]

1. b3 Nf6 2. Bb2 d5 3. Nf3 e6 4. g3 Be7 5. Bg2 O-O 6. O-O b6 7. c4 Bb7 8. d4
Nbd7 9. Nc3 Rc8 10. Rc1 c5 11. cxd5 Nxd5 12. dxc5 Nxc3 13. Rxc3 Nxc5 14. Qa1
Bf6 15. Rcc1 Bxb2 16. Qxb2 Qe7 17. b4 Ne4 18. Nd4 Bd5 19. b5 Qb7 20. Nc6 Nf6
21. Bxd5 Nxd5 22. Rfd1 a5 23. bxa6 Qxa6 24. e4 Rxc6 25. Rxc6 Qa4 26. Rdc1 Qxe4
27. Rc8 f6 28. Qc2 Rxc8 29. Qxc8+ Kf7 30. Qc2 Qxc2 31. Rxc2 Ke7 32. Rc8 h6 33.
Kf1 g5 34. Ke1 Kd7 35. Rh8 Nb4 36. Rxh6 f5 37. Rh7+ Kd6 38. Ra7 g4 39. Kd2 Nc6
40. Rh7 Nd4 41. Kd3 Nc6 42. Kc4 Ne5+ 43. Kc3 Kc6 44. Rh6 Kd5 45. Rh8 Kd6 46. h4
gxh3 47. Rxh3 Ng4 48. f3 Ne5 49. f4 Nd7 50. Kd4 Nc5 51. Rh2 Nd7 52. Kc4 Nf6 53.
Kb5 Nd5 54. a3 Kc7 55. Rh7+ Kd6 56. Rg7 Ne3 57. Rg8 Nd5 58. Rh8 Ne3 59. Rh7 Nd5
60. Rb7 Nc3+ 61. Kxb6 Ne4 62. Rg7 e5 63. a4 exf4 64. gxf4 Kd5 65. a5 Nd6 66.
Rd7 1-0

[Event "Nopean shakin SM 2020"]
[Site "?"]
[Date "2020.08.22"]
[Round "5"]
[White "Lahdelma, Henri"]
[Black "Ronka, Erik"]
[Result "1/2-1/2"]
[WhiteElo "2274"]
[BlackElo "2294"]
[PlyCount "118"]
[EventDate "2020.??.??"]
[SourceDate "2021.11.06"]
[SourceVersionDate "2021.11.06"]

1. d4 d5 2. c4 c6 3. Nf3 Nf6 4. Nc3 e6 5. e3 Nbd7 6. Bd3 dxc4 7. Bxc4 b5 8. Bd3
Bb7 9. e4 b4 10. Na4 c5 11. e5 Nd5 12. O-O cxd4 13. Re1 g6 14. Bg5 Qa5 15. Nxd4
a6 16. Rc1 Bg7 17. Nf3 O-O 18. b3 Rac8 19. Qe2 Rxc1 20. Rxc1 Rc8 21. Rxc8+ Bxc8
22. Qe4 Qc7 23. Qc4 Nxe5 24. Nxe5 Bxe5 25. Qxc7 Bxc7 26. Kf1 f6 27. Bd2 Kf7 28.
g3 Bd6 29. Ke2 a5 30. Nb2 Bd7 31. Nc4 Bc7 32. Be4 f5 33. Bg2 Bb5 34. Kd3 Nf6
35. h3 e5 36. Bb7 Ke6 37. Be3 Nd5 38. Bc8+ Bd7 39. Bxd7+ Kxd7 40. Bc5 Ke6 41.
Ba7 Nf6 42. Bc5 Nd7 43. Ba7 Kd5 44. Ne3+ Kc6 45. Nc4 Nf8 46. Be3 Ne6 47. a3 e4+
48. Kc2 bxa3 49. Nxa3 Kd5 50. Nb5 Bd8 51. Nc3+ Kc6 52. Na4 g5 53. Kc3 f4 54.
gxf4 gxf4 55. Bc1 Nc5 56. Nxc5 Kxc5 57. Bxf4 Bf6+ 58. Kc2 Bd4 59. Bg3 Kd5
1/2-1/2

[Event "Nopean shakin SM 2020"]
[Site "?"]
[Date "2020.08.22"]
[Round "6"]
[White "Vihinen, Teemu"]
[Black "Sammalvuo, Tapani"]
[Result "0-1"]
[WhiteElo "2169"]
[BlackElo "2409"]
[PlyCount "44"]
[EventDate "2020.??.??"]
[SourceDate "2021.11.06"]
[SourceVersionDate "2021.11.06"]

1. e4 e5 2. Nf3 Nc6 3. Bb5 a6 4. Ba4 Nf6 5. d4 exd4 6. O-O Be7 7. Re1 b5 8. e5
Nxe5 9. Rxe5 d6 10. Re1 bxa4 11. Nxd4 Bd7 12. Qf3 d5 13. Nc3 c6 14. Nxa4 O-O
15. Nf5 Bxf5 16. Qxf5 Ne4 17. Be3 Rb8 18. Rad1 Bf6 19. b3 Re8 20. c4 Nc3 21.
Nxc3 Bxc3 22. Bd2 Bxd2 0-1

[Event "Nopean shakin SM 2020"]
[Site "?"]
[Date "2020.08.22"]
[Round "6"]
[White "Kiltti, Jyrki"]
[Black "Luukkonen, Tommi"]
[Result "1-0"]
[WhiteElo "2208"]
[BlackElo "2333"]
[PlyCount "89"]
[EventDate "2020.??.??"]
[SourceDate "2021.11.06"]
[SourceVersionDate "2021.11.06"]

1. Nc3 c5 2. g4 g6 3. h4 d5 4. Bg2 d4 5. Ne4 Bxg4 6. Nxc5 Nc6 7. Nxb7 Qc7 8.
Na5 Bd7 9. Nxc6 Bxc6 10. Bxc6+ Qxc6 11. Nf3 Bg7 12. c3 d3 13. exd3 O-O-O 14. d4
e5 15. dxe5 Rd3 16. Rh3 Nh6 17. Nd4 Qe4+ 18. Re3 Rxe3+ 19. dxe3 Qxh4 20. Qf3
Kb8 21. Nc6+ Kc7 22. Na5 Kd7 23. Qc6+ Ke7 24. Qd6+ Ke8 25. Qb8+ Qd8 26. Qxd8+
Kxd8 27. Bd2 Kc7 28. f4 Ng4 29. Ke2 h5 30. Kf3 Rd8 31. Nb3 a5 32. Nd4 a4 33. c4
Rb8 34. b4 Bxe5 35. fxe5 Nxe5+ 36. Ke2 g5 37. Rf1 Rg8 38. Rf5 Nxc4 39. Rc5+ Kd7
40. Rxc4 h4 41. Nf3 h3 42. Kf2 g4 43. Rxg4 h2 44. Rd4+ Kc6 45. Nxh2 1-0

[Event "Nopean shakin SM 2020"]
[Site "?"]
[Date "2020.08.22"]
[Round "6"]
[White "Keinanen, Toivo"]
[Black "Heinola, Vesa-Pekka"]
[Result "1-0"]
[WhiteElo "2512"]
[BlackElo "2324"]
[PlyCount "65"]
[EventDate "2020.??.??"]
[SourceDate "2021.11.06"]
[SourceVersionDate "2021.11.06"]

1. d4 Nf6 2. c4 g6 3. Nc3 d5 4. Nf3 Bg7 5. h4 c6 6. cxd5 Nxd5 7. h5 Nxc3 8.
bxc3 c5 9. h6 Bf6 10. e4 e6 11. e5 Be7 12. Bd3 cxd4 13. cxd4 Nc6 14. O-O O-O
15. Be4 Nb4 16. Bf4 Nd5 17. Qd2 b6 18. Bxd5 Qxd5 19. Bg5 Bxg5 20. Qxg5 Qd8 21.
Qf4 Bb7 22. Rac1 Bxf3 23. Qxf3 f5 24. Rfd1 Qe7 25. d5 exd5 26. Qxd5+ Kh8 27. e6
Rad8 28. Qe5+ Kg8 29. Rxd8 Rxd8 30. g3 f4 31. Rc7 Rd1+ 32. Kg2 f3+ 33. Kh2 1-0

[Event "Nopean shakin SM 2020"]
[Site "?"]
[Date "2020.08.22"]
[Round "6"]
[White "Ronka, Erik"]
[Black "Jarvenpaa, Jari"]
[Result "1-0"]
[WhiteElo "2294"]
[BlackElo "2278"]
[PlyCount "62"]
[EventDate "2020.??.??"]
[SourceDate "2021.11.06"]
[SourceVersionDate "2021.11.06"]

1. e4 c6 2. Nf3 d5 3. d3 Bg4 4. h3 Bxf3 5. Qxf3 e6 6. g3 Nd7 7. Bg2 Ngf6 8. O-O
dxe4 9. dxe4 Bc5 10. Nd2 O-O 11. Kh1 Qe7 12. Qe2 e5 13. Nc4 Rfe8 14. Bd2 Nb6
15. Ne3 g6 16. Ng4 Nxg4 17. hxg4 Rad8 18. g5 Nc4 19. Bc3 Nd6 20. f4 Bd4 21.
Rae1 Bxc3 22. bxc3 Qe6 23. Qf3 Qxa2 24. f5 gxf5 25. exf5 Qxc2 26. Re2 e4 27.
Qh5 Qxc3 28. f6 Re5 29. Qh6 Ne8 30. Bxe4 Rxe4 31. Rxe4 Qxg3 1-0

[Event "Nopean shakin SM 2020"]
[Site "?"]
[Date "2020.08.22"]
[Round "7"]
[White "Sammalvuo, Tapani"]
[Black "Kiltti, Jyrki"]
[Result "0-1"]
[WhiteElo "2409"]
[BlackElo "2208"]
[PlyCount "55"]
[EventDate "2020.??.??"]
[SourceDate "2021.11.06"]
[SourceVersionDate "2021.11.06"]

1. Nf3 Nc6 2. d4 d6 3. d5 Ne5 4. Nxe5 dxe5 5. e4 Nf6 6. Nc3 g6 7. Bc4 Bg7 8.
O-O O-O 9. Qe2 c6 10. dxc6 bxc6 11. Be3 Qc7 12. f3 Nd7 13. Rfd1 Nb6 14. Bb3 a5
15. Qf2 Rb8 16. Bc5 Ba6 17. Kh1 Rfd8 18. Rxd8+ Qxd8 19. Rd1 Qc7 20. a4 Bf8 21.
h3 Nd7 22. Be3 e6 23. f4 Bh6 24. f5 Bxe3 25. Qxe3 exf5 26. exf5 Rb4 27. Qg5 Bc4
28. Qe7 0-1

[Event "Nopean shakin SM 2020"]
[Site "?"]
[Date "2020.08.22"]
[Round "7"]
[White "Kiili, Markus"]
[Black "Keinanen, Toivo"]
[Result "0-1"]
[WhiteElo "2161"]
[BlackElo "2512"]
[PlyCount "62"]
[EventDate "2020.??.??"]
[SourceDate "2021.11.06"]
[SourceVersionDate "2021.11.06"]

1. e4 c5 2. Nf3 g6 3. c3 Bg7 4. d4 cxd4 5. cxd4 d5 6. e5 a6 7. Nc3 Nc6 8. h3 f6
9. Bf4 fxe5 10. dxe5 e6 11. Bd3 Nge7 12. O-O O-O 13. Qd2 Bd7 14. Rfe1 Rc8 15.
Rac1 Qb6 16. Na4 Qb4 17. Nc5 Rxf4 18. Nxd7 Qxd2 19. Nxd2 Rd4 20. Rc3 Nb4 21.
Rxc8+ Nxc8 22. Rc1 Ne7 23. Nf3 Nxd3 24. Rd1 Nxe5 25. Nxd4 Nxd7 26. Nxe6 Bf6 27.
b3 b6 28. Nc7 d4 29. Nxa6 Nd5 30. b4 Nc3 31. Rd2 Ne5 0-1

[Event "Nopean shakin SM 2020"]
[Site "?"]
[Date "2020.08.22"]
[Round "7"]
[White "Ronka, Erik"]
[Black "Vihinen, Teemu"]
[Result "1-0"]
[WhiteElo "2294"]
[BlackElo "2169"]
[PlyCount "155"]
[EventDate "2020.??.??"]
[SourceDate "2021.11.06"]
[SourceVersionDate "2021.11.06"]

1. d4 e6 2. g3 f5 3. Bg2 Nf6 4. Nd2 d5 5. Nh3 Bd6 6. Nf3 O-O 7. Nf4 b6 8. O-O
Qe7 9. b3 Nbd7 10. c4 c6 11. Nd3 Ba6 12. Nfe5 Rac8 13. Bg5 Qe8 14. Bxf6 gxf6
15. Nxd7 Qxd7 16. Rc1 Kh8 17. Qd2 Rfd8 18. Rfd1 Bf8 19. e3 Qf7 20. Bf1 Bg7 21.
cxd5 cxd5 22. Rxc8 Rxc8 23. Rc1 Qe8 24. Nf4 Bxf1 25. Kxf1 Bh6 26. Nd3 Bf8 27.
Rc3 Bd6 28. Qc2 Rxc3 29. Qxc3 Qd7 30. Kg2 Kg7 31. Nb4 Bxb4 32. Qxb4 Qc7 33. Qa4
Kf7 34. Qa6 Ke7 35. h3 Kd7 36. Qa4+ Ke7 37. Qa3+ Kd7 38. Qa6 Ke7 39. Qd3 h6 40.
g4 fxg4 41. hxg4 Qd8 42. Qh7+ Kd6 43. Qxh6 Qe7 44. Qh8 Qf7 45. f3 Qg6 46. Qd8+
Kc6 47. Qc8+ Kd6 48. Qb8+ Kc6 49. Qxa7 f5 50. Qa8+ Kc7 51. Qa7+ Kc6 52. Qa4+
Kc7 53. Qa7+ Kc6 54. Kg3 fxg4 55. fxg4 Qe4 56. Qa8+ Kc7 57. Kf2 Qxg4 58. Qf8
Qh4+ 59. Ke2 Qh2+ 60. Qf2 Qh5+ 61. Kd2 Qh3 62. a4 Kc6 63. b4 Qg4 64. b5+ Kb7
65. Qf7+ Kb8 66. Qe8+ Kb7 67. Qc6+ Ka7 68. Qc7+ Ka8 69. Qxb6 Qg2+ 70. Kc3 Qe2
71. Qc6+ Kb8 72. Qd6+ Ka8 73. Qc6+ Kb8 74. b6 Qe1+ 75. Kc2 Qe2+ 76. Kb3 Qd3+
77. Kb4 Qb1+ 78. Kc5 1-0

[Event "Nopean shakin SM 2020"]
[Site "?"]
[Date "2020.08.22"]
[Round "7"]
[White "Jarvenpaa, Jari"]
[Black "Lahdelma, Henri"]
[Result "0-1"]
[WhiteElo "2278"]
[BlackElo "2274"]
[PlyCount "94"]
[EventDate "2020.??.??"]
[SourceDate "2021.11.06"]
[SourceVersionDate "2021.11.06"]

1. Nf3 d5 2. b3 Nf6 3. Bb2 e6 4. e3 Bd6 5. c4 c6 6. Nc3 Nbd7 7. d4 O-O 8. Qc2
e5 9. dxe5 Nxe5 10. cxd5 Nxf3+ 11. gxf3 Qa5 12. dxc6 Bf5 13. e4 Be6 14. O-O-O
Bf4+ 15. Kb1 bxc6 16. Ne2 Be5 17. Nd4 Bxd4 18. Bxd4 Nh5 19. Rg1 Rfd8 20. Bc4
Bxc4 21. Qxc4 g6 22. Be3 Qe5 23. Qxc6 Qxh2 24. Rge1 Qh3 25. e5 Rdc8 26. Qe4 Ng7
27. Rh1 Qe6 28. Rd6 Qe7 29. Rhd1 a5 30. Rd7 Qe8 31. Bg5 a4 32. b4 a3 33. R1d3
Ne6 34. Bd2 Nf8 35. R7d4 Qe6 36. Qd5 Qh3 37. Rc3 Qf1+ 38. Kc2 Ne6 39. Re4 Qa1
40. Qb3 Qf1 41. Qb1 Qxf2 42. Qe1 Rxc3+ 43. Kxc3 Rc8+ 44. Kb3 Qxf3+ 45. Qe3 Qd1+
46. Kxa3 Qc2 47. Rh4 Ra8+ 0-1

[Event "Nopean shakin SM 2020"]
[Site "?"]
[Date "2020.08.22"]
[Round "7"]
[White "Kumpulainen, Kalle"]
[Black "Louhivaara, Jere"]
[Result "1-0"]
[WhiteElo "2052"]
[BlackElo "2018"]
[PlyCount "41"]
[EventDate "2020.??.??"]
[SourceDate "2021.11.06"]
[SourceVersionDate "2021.11.06"]

1. e4 c5 2. Nc3 Nc6 3. Bb5 e6 4. Bxc6 bxc6 5. f4 Nf6 6. d3 Ba6 7. b3 Be7 8. Nf3
d6 9. O-O Qb6 10. Na4 Qc7 11. c4 Nd7 12. Qe2 Nb6 13. Nc3 d5 14. e5 Qd7 15. Ba3
Rd8 16. Rad1 h6 17. Qf2 d4 18. Ne4 Qc7 19. Bxc5 Bxc5 20. Nxc5 Bc8 21. Nxd4 1-0

[Event "Nopean shakin SM 2020"]
[Site "?"]
[Date "2020.08.22"]
[Round "8"]
[White "Keinanen, Toivo"]
[Black "Sammalvuo, Tapani"]
[Result "1-0"]
[WhiteElo "2512"]
[BlackElo "2409"]
[PlyCount "133"]
[EventDate "2020.??.??"]
[SourceDate "2021.11.06"]
[SourceVersionDate "2021.11.06"]

1. c4 e6 2. g3 d5 3. d4 Nf6 4. Bg2 Be7 5. Nf3 O-O 6. O-O dxc4 7. Ne5 c5 8. dxc5
Qc7 9. Nxc4 Qxc5 10. b3 Rd8 11. Qc2 Nc6 12. Ba3 Nb4 13. Qc1 Rb8 14. Nc3 Bd7 15.
Rd1 b6 16. Qb2 Be8 17. Rac1 Rxd1+ 18. Rxd1 Qc7 19. Rc1 Rd8 20. Ne3 Qe5 21. Ncd5
Qxb2 22. Nxe7+ Kf8 23. Bxb2 Kxe7 24. Nc4 Bb5 25. a4 Bxc4 26. Rxc4 Rd1+ 27. Bf1
Na6 28. Ba3+ Kd7 29. Kg2 Nb8 30. e3 Nc6 31. Rc2 Ne5 32. Bb5+ Kd8 33. Bf8 g6 34.
Bg7 Ned7 35. Bh6 Ne4 36. f3 Rd2+ 37. Rxd2 Nxd2 38. b4 Nb1 39. Bg7 a5 40. bxa5
bxa5 41. Kf2 Nd2 42. Bc3 Nb3 43. Ke2 Ndc5 44. h4 h5 45. Bf6+ Kc7 46. Kd1 Nd7
47. Bc3 Kd6 48. Kc2 Nbc5 49. Bxa5 Ne5 50. f4 Nc6 51. Be1 Nb7 52. Kd3 Nca5 53.
Bb4+ Kc7 54. Be8 Nc6 55. Ba3 Nbd8 56. Ke4 Kb6 57. Kf3 Ka5 58. Bd6 Kxa4 59. Bc7
Kb4 60. Bb6 Kc4 61. e4 Kd3 62. Bd7 Kc4 63. Ke3 Kc3 64. f5 exf5 65. exf5 Ne5 66.
Bd4+ Kc4 67. Bxe5 1-0

[Event "Nopean shakin SM 2020"]
[Site "?"]
[Date "2020.08.22"]
[Round "8"]
[White "Luukkonen, Tommi"]
[Black "Ronka, Erik"]
[Result "1-0"]
[WhiteElo "2333"]
[BlackElo "2294"]
[PlyCount "63"]
[EventDate "2020.??.??"]
[SourceDate "2021.11.06"]
[SourceVersionDate "2021.11.06"]

1. e4 c6 2. Nc3 g6 3. d4 Bg7 4. Nf3 d6 5. h3 Nf6 6. a4 O-O 7. Be3 d5 8. e5 Ne4
9. Nxe4 dxe4 10. Ng5 c5 11. dxc5 Qc7 12. Qd5 Nc6 13. Bc4 Nxe5 14. Qxe4 h6 15.
Nf3 Nxc4 16. Qxc4 Bxb2 17. O-O Bg7 18. Bf4 e5 19. Bg3 Be6 20. Qc3 Rac8 21. Bxe5
Bxe5 22. Nxe5 Qxc5 23. Qg3 Qxc2 24. Qe3 Qc5 25. Qf4 Kh7 26. Rfe1 Rcd8 27. Rac1
Qd4 28. Qf6 Rde8 29. Rc7 Qd8 30. Qxg6+ Kh8 31. Qxh6+ Kg8 32. Rc3 1-0

[Event "Nopean shakin SM 2020"]
[Site "?"]
[Date "2020.08.22"]
[Round "8"]
[White "Kiltti, Jyrki"]
[Black "Kumpulainen, Kalle"]
[Result "1-0"]
[WhiteElo "2208"]
[BlackElo "2052"]
[PlyCount "157"]
[EventDate "2020.??.??"]
[SourceDate "2021.11.06"]
[SourceVersionDate "2021.11.06"]

1. Nc3 d5 2. e4 d4 3. Nce2 g6 4. Nf3 Nc6 5. Ng3 Bg7 6. Bc4 e5 7. O-O Nge7 8. a3
O-O 9. d3 Qd6 10. Bd2 h6 11. b4 Be6 12. b5 Bxc4 13. bxc6 Ba6 14. Bb4 Qe6 15.
cxb7 Rab8 16. Nd2 Rfd8 17. Nb3 Bxb7 18. Nc5 Qf6 19. f4 exf4 20. e5 Qxe5 21. Re1
Qd5 22. Nxb7 Rxb7 23. Bxe7 fxg3 24. Bxd8 gxh2+ 25. Kh1 Qxd8 26. Qf3 Rb8 27. Re4
Qd6 28. Rae1 Rf8 29. a4 Qb4 30. Kxh2 Qxa4 31. R1e2 Qd7 32. g3 a5 33. Qf4 a4 34.
Re7 Qd6 35. Qxd6 cxd6 36. Ra7 Be5 37. Rxa4 Rc8 38. Kg2 h5 39. Ra7 Rf8 40. Kf3
f6 41. Re1 Rf7 42. Rea1 Kg7 43. R1a4 Kf8 44. R4a6 Re7 45. Rxe7 Kxe7 46. Rc6 Ke6
47. Rc4 g5 48. Rc7 Kf5 49. Rh7 Kg6 50. Rc7 Kf5 51. Rc8 h4 52. gxh4 gxh4 53. Rh8
Bg3 54. Rh5+ Ke6 55. Kg4 Be1 56. Rh6 Bf2 57. Rh8 Bg3 58. Re8+ Kf7 59. Re4 Bf2
60. Kf3 Be3 61. Rxh4 Ke6 62. Rh8 f5 63. Re8+ Kd5 64. c4+ Kc5 65. Rf8 f4 66.
Rf5+ Kc6 67. Ke4 Kd7 68. Kd5 Ke7 69. Ke4 Ke6 70. Ra5 Ke7 71. Ra6 Kd7 72. Kd5 f3
73. Rxd6+ Ke7 74. Rb6 f2 75. Rb1 Kd7 76. Rf1 Kc7 77. Ke4 Kd6 78. Kf3 Kc5 79.
Rxf2 1-0

[Event "Nopean shakin SM 2020"]
[Site "?"]
[Date "2020.08.22"]
[Round "8"]
[White "Heinola, Vesa-Pekka"]
[Black "Nazarova, Anastasia"]
[Result "0-1"]
[WhiteElo "2324"]
[BlackElo "2192"]
[PlyCount "100"]
[EventDate "2020.??.??"]
[SourceDate "2021.11.06"]
[SourceVersionDate "2021.11.06"]

1. d4 d5 2. c4 e6 3. Nc3 Nf6 4. Bg5 Be7 5. Nf3 Nbd7 6. cxd5 exd5 7. Qc2 c6 8.
e3 Nh5 9. Bxe7 Qxe7 10. Be2 g6 11. h3 Nb6 12. g4 Ng7 13. O-O-O Be6 14. Kb1
O-O-O 15. Ka1 Kb8 16. Rb1 h5 17. Ne5 hxg4 18. hxg4 Rh4 19. Rhg1 Rh2 20. Bd3 Qf6
21. Rbf1 Ne8 22. b4 a6 23. a4 Qe7 24. Qb3 Nf6 25. Bxa6 Nfd7 26. Nxd7+ Qxd7 27.
Be2 Nc4 28. Bxc4 dxc4 29. Qb2 Bxg4 30. b5 Be6 31. Rd1 cxb5 32. d5 Bf5 33. Nxb5
Rh4 34. f4 Qe8 35. Rge1 Bd3 36. d6 Qh8 37. Qd4 Qxd4+ 38. exd4 Bc2 39. Rd2 Bxa4
40. Nc3 Bd7 41. Ne4 Bf5 42. Nc5 Rxd6 43. Re8+ Kc7 44. Re7+ Kc8 45. Ra2 Rh1+ 46.
Kb2 Rh2+ 47. Ka3 Rxa2+ 48. Kxa2 b6 49. Nb7 Rd7 50. Rxd7 Kxd7 0-1

[Event "Nopean shakin SM 2020"]
[Site "?"]
[Date "2020.08.22"]
[Round "8"]
[White "Rinne, Heini"]
[Black "Kiili, Markus"]
[Result "1/2-1/2"]
[WhiteElo "1920"]
[BlackElo "2161"]
[PlyCount "64"]
[EventDate "2020.??.??"]
[SourceDate "2021.11.06"]
[SourceVersionDate "2021.11.06"]

1. d4 Nf6 2. c4 g6 3. Nc3 Bg7 4. e4 d6 5. h3 O-O 6. Bg5 c5 7. d5 e6 8. Bd3 exd5
9. cxd5 Nbd7 10. Nf3 a6 11. a4 Re8 12. O-O Qc7 13. Qd2 c4 14. Bc2 Nc5 15. Rfe1
Bd7 16. e5 dxe5 17. d6 Qd8 18. Nxe5 Ne6 19. Nxd7 Qxd7 20. Bxf6 Bxf6 21. Nd5 Bd8
22. Ne3 Rc8 23. Ng4 Bg5 24. Qc3 Qxd6 25. Rad1 Qf8 26. Rd7 Re7 27. Red1 Rce8 28.
Nf6+ Bxf6 29. Qxf6 Rxd7 30. Rxd7 Qg7 31. Qxg7+ Kxg7 32. Rxb7 Kg8 1/2-1/2

[Event "Nopean shakin SM 2020"]
[Site "?"]
[Date "2020.08.22"]
[Round "9"]
[White "Ronka, Erik"]
[Black "Keinanen, Toivo"]
[Result "0-1"]
[WhiteElo "2294"]
[BlackElo "2512"]
[PlyCount "78"]
[EventDate "2020.??.??"]
[SourceDate "2021.11.06"]
[SourceVersionDate "2021.11.06"]

1. e4 e6 2. d4 d5 3. Nc3 Nf6 4. e5 Nfd7 5. f4 c5 6. Nf3 Nc6 7. Be3 cxd4 8. Nxd4
Qb6 9. Qd2 Qxb2 10. Rb1 Qa3 11. Bb5 Nxd4 12. Bxd4 a6 13. Bxd7+ Bxd7 14. Rb3 Qe7
15. Rxb7 Qd8 16. Bb6 Qc8 17. Rc7 Qd8 18. Qd4 Ba3 19. Nb1 Be7 20. O-O Bb5 21.
Rc1 O-O 22. a4 Be2 23. c4 dxc4 24. Rd7 Qe8 25. Nc3 Bd3 26. a5 Ba3 27. Rd1 Bb2
28. Rd6 Qc8 29. Rd2 Ba3 30. Rd7 Bb4 31. Rc7 Qd8 32. Rxc4 Qxd4+ 33. Rxd4 Bxc3
34. R2xd3 Bxd4+ 35. Rxd4 Rfc8 36. Rd6 Rc2 37. h4 h5 38. Be3 Ra2 39. Bb6 Rc8 0-1

[Event "Nopean shakin SM 2020"]
[Site "?"]
[Date "2020.08.22"]
[Round "9"]
[White "Sammalvuo, Tapani"]
[Black "Heinola, Vesa-Pekka"]
[Result "1-0"]
[WhiteElo "2409"]
[BlackElo "2324"]
[PlyCount "87"]
[EventDate "2020.??.??"]
[SourceDate "2021.11.06"]
[SourceVersionDate "2021.11.06"]

1. Nf3 d5 2. d4 Nc6 3. Bf4 Bg4 4. e3 e6 5. c4 Nf6 6. Nc3 Bb4 7. Rc1 O-O 8. a3
Bd6 9. Bg3 a6 10. Bd3 Re8 11. cxd5 exd5 12. O-O Bxg3 13. hxg3 Ne4 14. Qc2 Nf6
15. Na4 Qe7 16. Nc5 Bxf3 17. gxf3 Nd8 18. Kg2 c6 19. Rh1 g6 20. b4 Ne6 21. f4
Ng7 22. Rb1 Ng4 23. Rb2 f5 24. a4 b5 25. Ra1 h5 26. Rh1 Qf7 27. Qc1 Ra7 28. Be2
Nf6 29. Nd3 Rc7 30. Ne5 Rxe5 31. fxe5 Nh7 32. axb5 axb5 33. Rc2 Qd7 34. Bxb5
Ra7 35. Bxc6 Qd8 36. Rc5 Ng5 37. Bxd5+ Kh7 38. Qc4 Qd7 39. Qb5 Qe7 40. Qb8 N5e6
41. Rc6 Qd7 42. Rd6 Qe7 43. Bxe6 Nxe6 44. Rxe6 1-0

[Event "Nopean shakin SM 2020"]
[Site "?"]
[Date "2020.08.22"]
[Round "9"]
[White "Lahdelma, Henri"]
[Black "Luukkonen, Tommi"]
[Result "1-0"]
[WhiteElo "2274"]
[BlackElo "2333"]
[PlyCount "45"]
[EventDate "2020.??.??"]
[SourceDate "2021.11.06"]
[SourceVersionDate "2021.11.06"]

1. d4 Nf6 2. c4 c5 3. d5 g6 4. Nc3 Bg7 5. e4 d6 6. Bd3 O-O 7. Nge2 e6 8. O-O
exd5 9. exd5 Nbd7 10. b3 a6 11. Bb2 Ne5 12. Bc2 Nh5 13. Ng3 Nxg3 14. hxg3 b5
15. cxb5 axb5 16. a3 Bg4 17. Qc1 Qd7 18. f4 b4 19. axb4 cxb4 20. Ne4 Be2 21.
fxe5 Bxf1 22. Nf6+ Bxf6 23. exf6 1-0

[Event "Nopean shakin SM 2020"]
[Site "?"]
[Date "2020.08.22"]
[Round "9"]
[White "Nazarova, Anastasia"]
[Black "Kiltti, Jyrki"]
[Result "0-1"]
[WhiteElo "2192"]
[BlackElo "2208"]
[PlyCount "98"]
[EventDate "2020.??.??"]
[SourceDate "2021.11.06"]
[SourceVersionDate "2021.11.06"]

1. e4 Nc6 2. Nf3 d6 3. d4 Bg4 4. Bb5 a6 5. Bxc6+ bxc6 6. h3 Bh5 7. b3 e6 8. Bb2
Bg6 9. Nbd2 Nf6 10. Qe2 Be7 11. O-O O-O 12. c4 a5 13. Rfe1 a4 14. Qe3 Nd7 15.
Nf1 c5 16. dxc5 Nxc5 17. N1d2 axb3 18. axb3 e5 19. b4 Ne6 20. Nb3 c6 21. c5 Qc7
22. Bc3 f6 23. Nfd2 Bf7 24. cxd6 Bxd6 25. Na5 Rfb8 26. Reb1 Nd4 27. Qd3 Rb5 28.
Ndc4 Be7 29. Ne3 Rab8 30. Bxd4 exd4 31. Qxd4 Bxb4 32. Nac4 Bc3 33. Qxc3 Rxb1+
34. Rxb1 Rxb1+ 35. Nf1 h5 36. Ncd2 Rb8 37. g3 c5 38. h4 c4 39. Ne3 Qc5 40. Nf5
Rd8 41. Nf1 Rd3 42. Qc1 Bg6 43. N1e3 Bxf5 44. Nxf5 Kh7 45. Qe1 g6 46. Ne3 c3
47. Qb1 Rxe3 48. Qb7+ Kh6 49. fxe3 c2 0-1

[Event "Nopean shakin SM 2020"]
[Site "?"]
[Date "2020.08.22"]
[Round "9"]
[White "Vihinen, Teemu"]
[Black "Kumpulainen, Kalle"]
[Result "1-0"]
[WhiteElo "2169"]
[BlackElo "2052"]
[PlyCount "47"]
[EventDate "2020.??.??"]
[SourceDate "2021.11.06"]
[SourceVersionDate "2021.11.06"]

1. e4 c5 2. c3 d5 3. exd5 Qxd5 4. d4 Nc6 5. Nf3 Bg4 6. dxc5 Bxf3 7. Qxf3 O-O-O
8. Qxd5 Rxd5 9. b4 a5 10. a3 Ne5 11. f4 Nd3+ 12. Bxd3 Rxd3 13. Ke2 Rd7 14. Nd2
Nf6 15. Nc4 Nd5 16. Bd2 axb4 17. axb4 Kb8 18. Ne5 Rc7 19. Ra3 b5 20. Rha1 Rb7
21. c6 Rb6 22. Ra8+ Kc7 23. R1a7+ Kd6 24. Nxf7+ 1-0

[Event "Nopean shakin JSM 2020"]
[Site "?"]
[Date "2020.08.23"]
[Round "1"]
[White "Agopov, Mikael"]
[Black "Kiltti, Jyrki"]
[Result "1/2-1/2"]
[WhiteElo "2446"]
[BlackElo "2208"]
[PlyCount "90"]
[EventDate "2020.??.??"]
[SourceDate "2021.11.06"]
[SourceVersionDate "2021.11.06"]

1. e4 Nc6 2. d4 e5 3. d5 Nce7 4. Be3 Nf6 5. f3 Ng6 6. Ne2 Bb4+ 7. Nd2 Ba5 8.
Nc3 d6 9. Nc4 Bxc3+ 10. bxc3 b6 11. a4 a5 12. h4 h6 13. g3 Nd7 14. Nd2 Nc5 15.
Nb3 O-O 16. h5 Nh8 17. Nxc5 bxc5 18. g4 f6 19. Bb5 Nf7 20. O-O Ng5 21. Kg2 Kh8
22. Rb1 Rb8 23. c4 Bd7 24. Qe1 Qc8 25. Bxd7 Qxd7 26. Bxg5 fxg5 27. Qxa5 Ra8 28.
Qb5 Qf7 29. a5 Qf4 30. Rf2 Ra7 31. a6 Rfa8 32. Ra1 Qe3 33. Ra4 Qc1 34. Qd7 Qb1
35. c3 Qb3 36. Rfa2 Qxc3 37. Qb5 Kh7 38. R4a3 Qc1 39. Qb3 Qe1 40. Ra1 Qe2+ 41.
Kg3 Rxa6 42. Rxa6 Rxa6 43. Rxa6 Qe1+ 44. Kg2 Qe2+ 45. Kg3 Qe1+ 1/2-1/2